000 00281nmm a2200085Ia 4500
008 220120s9999||||xx |||||||||||||||||und||
100 _aDIGIT JAN 2010
_911187
245 0 _a50 + Mobile applications , JAVA , Symbian, Blackberry and wi
260 _aCyber tach publication
_bNew Delhi
_c2010
999 _c139454
_d139454